000 00807nam a2200253Ia 4500
003 OSt
005 20221005092608.0
006 a|||||r|||| 00| 0
007 ta
008 221004b |||||||| |||| 00| 0 eng d
020 _a9780415715706 (pbk)
_c2553.48
024 _a13630
037 _b040/2013-14, 19/03/2014, Excel Book International
_cTextual
040 _aCRL
_cCRL
_beng
041 _2eng
_aeng
082 _aV1:19(ZQ).P1, Q4
100 _aFox Michael Allen
_9617571
245 0 _aUnderstanding peace
_b Comprehensive introduction
260 _aNew York
_bRoutledge USA
_c2014
300 _axix,320p.
_ccm.
650 _aHISTORY
942 _hV1:19(ZQ).P1, Q4
_cTEXL
_2cc
999 _c999097
_d999097